Animals by picture - Statistics

General Stats
  • This quiz has been taken 373 times
  • The average score is 13 of 14
Answer Stats
Picture Answer % Correct
giraffe
99%
kangaroo
97%
snail
97%
crocodile
96%
hippopotamus
95%
rhinoceros
95%
squirrel
95%
swan
95%
raccoon
94%
reindeer
89%
mole
87%
lizard
83%
wild boar
74%
water buffalo
61%
No matching quizzes found
Score Distribution
Percent of People with Each Score
Percentile by Number Answered
Your Score History
You have not taken this quiz